|
|
|
|
| LEADER |
01212nam a2200325 a 4500 |
| 001 |
000533652 |
| 003 |
CZ BrMZK |
| 005 |
20080303080713.0 |
| 007 |
ta |
| 008 |
010907s2000 xr e cze d |
| 040 |
|
|
|a BOA001
|b cze
|
| 043 |
|
|
|a e-xr---
|b e-xr-ol
|2 czenas
|
| 072 |
|
7 |
|a 930
|x Historická věda. Pomocné vědy historické. Archivnictví
|2 Konspekt
|9 8
|
| 080 |
|
|
|a 930.253
|2 MRF
|
| 080 |
|
|
|a 930.25
|2 MRF
|
| 080 |
|
|
|a (437.325)
|2 MRF
|
| 080 |
|
|
|a (041)
|2 MRF
|
| 100 |
1 |
|
|a Müller, Karel,
|d 1958-
|7 jo20000074066
|4 aut
|
| 245 |
1 |
0 |
|a Zemský archiv v Opavě s pobočkou v Olomouci /
|c [text: Karel Müller ; foto: Jan Bil].
|
| 260 |
|
|
|a Opava :
|b Zemský archiv,
|c 2000
|
| 300 |
|
|
|a 1 slož. list [6] s. :
|b barev. il. ;
|c 21 cm
|
| 650 |
0 |
7 |
|a archivy
|7 ph114080
|z Česko
|2 czenas
|
| 650 |
0 |
7 |
|a archivnictví
|7 ph118588
|z Česko
|2 czenas
|
| 655 |
|
7 |
|a brožury
|7 fd131925
|2 czenas
|
| 610 |
2 |
7 |
|a Zemský archiv v Opavě.
|b Pobočka Olomouc
|7 olak2005225646
|2 czenas
|
| 651 |
|
7 |
|a Olomouc (Česko)
|7 ge130299
|2 czenas
|
| 700 |
1 |
|
|a Bil, Jan
|7 jn20010310086
|4 pht
|
| 910 |
|
|
|a BOA001
|b 2-1077.200
|
| 990 |
|
|
|a BK
|
| 996 |
6 |
|
|b 2610121469
|c 2-1077.200
|l MZK
|r Sklad / do 1 hodiny
|n 8
|p p.v.
|w 000533652
|u 000010
|a 1
|e BOA001
|j MZK50
|s P
|